[Event "St Petersburg-ch sf 85th"]
[Site "St Petersburg"]
[Date "2012.02.05"]
[Round "9.15"]
[White "Sheynin, Izrail"]
[Black "Dubovsky, Artyom"]
[Result "1-0"]
[WhiteElo "2093"]
[BlackElo "1976"]
[PlyCount "129"]
[EventDate "2012.01.28"]
[EventType "swiss"]
[EventRounds "9"]
[EventCountry "RUS"]
[SourceTitle "CBM 146 Extra"]
[Source "ChessBase"]
[SourceDate "2012.02.29"]
[SourceVersion "1"]
[SourceVersionDate "2012.02.29"]
[SourceQuality "1"]

1. e4 e6 2. d3 d5 3. Nd2 Nc6 4. Ngf3 Bc5 5. c3 e5 6. b4 dxe4 7. dxe4 Bd6 8. Bc4 Nf6 9. 0-0 0-0 10. a4 Qe7 11. Re1 h6 12. Nf1 Be6 13. Qb3 Nd8 14. Ng3 Re8 15. Nh4 g6 16. Bxe6 Nxe6 17. Nhf5 gxf5 18. Nxf5 Qd7 19. Bxh6 Nf8 20. Bxf8 Bxf8 21. c4 Nxe4 22. Qh3 Re6 23. Rxe4 Rd8 24. Qg3+ Rg6 25. Qxe5 Bxb4 26. g3 Bd6 27. Qd5 c6 28. Qd3 Qc8 29. Qf3 Bf8 30. Rae1 Qc7 31. Ne7+ Kg7 32. Nxg6 fxg6 33. Re6 Qf7 34. Qe3 c5 35. Qe5+ Kg8 36. Qg5 Rd6 37. Rxd6 Bxd6 38. Qd8+ Bf8 39. Re8 Kg7 40. Kg2 b6 41. Re4 Qb7 42. Qd5 Qxd5 43. cxd5 a6 44. d6 Kf7 45. d7 Be7 46. h4 b5 47. axb5 axb5 48. Re5 b4 49. Rxc5 Ke6 50. Kf3 Kxd7 51. Rc1 Bf6 52. Ke4 b3 53. Rb1 b2 54. g4 Ke6 55. f4 Bc3 56. Kd3 Bf6 57. Kc2 Bg7 58. Rxb2 Bxb2 59. Kxb2 Kd5 60. h5 gxh5 61. gxh5 Ke6 62. Kc3 Kf6 63. Kd4 Kg7 64. Ke5 Kh6 65. Ke6 1-0

[Event "St Petersburg-ch sf 85th"]
[Site "St Petersburg"]
[Date "2012.01.29"]
[Round "2.12"]
[White "Sheynin, Izrail"]
[Black "Monin, Nikolay"]
[Result "0-1"]
[WhiteElo "2093"]
[BlackElo "2360"]
[PlyCount "90"]
[EventDate "2012.01.28"]
[EventType "swiss"]
[EventRounds "9"]
[EventCountry "RUS"]
[SourceTitle "CBM 146 Extra"]
[Source "ChessBase"]
[SourceDate "2012.02.29"]
[SourceVersion "1"]
[SourceVersionDate "2012.02.29"]
[SourceQuality "1"]

1. e4 e6 2. d4 d5 3. e5 c5 4. c3 Nc6 5. Nf3 Qb6 6. Bd3 Bd7 7. 0-0 cxd4 8. cxd4 Nxd4 9. Nbd2 Nh6 10. Nxd4 Qxd4 11. Nf3 Qb6 12. Be3 Bc5 13. Bxh6 gxh6 14. Qd2 Bf8 15. Qf4 Bg7 16. b4 0-0 17. a4 f6 18. Qg3 Rac8 19. exf6 Rxf6 20. Ne5 Qc7 21. Rac1 Qxc1 22. Nxd7 Qg5 23. Nxf6+ Qxf6 24. Qd6 Qf7 25. f4 Bf8 26. Qe5 Bg7 27. Qd6 Bd4+ 28. Kh1 Bf6 29. Bb5 a6 30. Bd3 Qe7 31. Qb6 Rc6 32. Qa7 Rc3 33. Qe3 Kf7 34. Re1 e5 35. fxe5 Qxe5 36. Qxe5 Bxe5 37. Bxh7 Rc4 38. g3 Bc3 39. Rd1 d4 40. b5 Rxa4 41. Bd3 a5 42. Rb1 Ke7 43. b6 Rb4 44. Rxb4 Bxb4 45. Be4 a4 0-1

[Event "St Petersburg-ch sf 85th"]
[Site "St Petersburg"]
[Date "2012.01.28"]
[Round "1.11"]
[White "Duzhakov, Ilya"]
[Black "Sheynin, Izrail"]
[Result "1-0"]
[WhiteElo "2303"]
[BlackElo "2093"]
[PlyCount "47"]
[EventDate "2012.01.28"]
[EventType "swiss"]
[EventRounds "9"]
[EventCountry "RUS"]
[SourceTitle "CBM 146 Extra"]
[Source "ChessBase"]
[SourceDate "2012.02.29"]
[SourceVersion "1"]
[SourceVersionDate "2012.02.29"]
[SourceQuality "1"]

1. d4 Nf6 2. c4 c5 3. d5 e6 4. Nc3 exd5 5. cxd5 d6 6. e4 g6 7. h3 Bg7 8. Nf3 0-0 9. Bd3 b5 10. Nxb5 Re8 11. 0-0 Ba6 12. Nc3 c4 13. Bc2 Nbd7 14. Be3 Qc7 15. Re1 Rab8 16. Rb1 Nc5 17. Bd4 Rb7 18. e5 Nfd7 19. e6 fxe6 20. Bxg7 Kxg7 21. dxe6 Nxe6 22. Ng5 Ne5 23. Nxe6+ Rxe6 24. f4 1-0

[Event "St Petersburg Autumn op"]
[Site "St Petersburg"]
[Date "2011.11.03"]
[Round "7"]
[White "Sheynin, Izrail"]
[Black "Myshkin, Nikita"]
[Result "1/2-1/2"]
[WhiteElo "2098"]
[BlackElo "2255"]
[PlyCount "81"]
[EventDate "2011.10.28"]
[EventType "swiss"]
[EventRounds "9"]
[EventCountry "RUS"]
[SourceTitle "EXT 2013"]
[Source "ChessBase"]
[SourceDate "2012.11.22"]
[SourceVersion "1"]
[SourceVersionDate "2012.11.22"]
[SourceQuality "1"]

1. e4 e5 2. Nf3 Nc6 3. d4 exd4 4. Nxd4 Bc5 5. Be3 Qf6 6. c3 Nge7 7. Bc4 Ne5 8. Be2 Qg6 9. 0-0 d6 10. f4 Qxe4 11. Bf2 Bxd4 12. cxd4 N5g6 13. g3 Bh3 14. Bf3 Qf5 15. Re1 d5 16. Nc3 c6 17. Na4 b6 18. b4 0-0 19. Rc1 Rac8 20. Rc3 Qf6 21. Qd2 Rfe8 22. Rec1 Bd7 23. Nb2 Nf5 24. b5 cxb5 25. Bxd5 Nf8 26. Rxc8 Rxc8 27. Rxc8 Bxc8 28. Bf3 Nd6 29. Nd3 Bf5 30. Qe2 Qe6 31. Ne5 f6 32. d5 Qe8 33. Nc6 Qd7 34. g4 Bg6 35. f5 Bf7 36. Nd4 Nc4 37. Ne6 Ne5 38. Be4 Nc4 39. Bf3 Qc8 40. Bd4 Nd6 41. Qd2 1/2-1/2

[Event "St Petersburg Autumn op"]
[Site "St Petersburg"]
[Date "2011.10.31"]
[Round "4"]
[White "Sheynin, Izrail"]
[Black "Fedoseeva, Valentina"]
[Result "1/2-1/2"]
[WhiteElo "2098"]
[BlackElo "1920"]
[PlyCount "64"]
[EventDate "2011.10.28"]
[EventType "swiss"]
[EventRounds "9"]
[EventCountry "RUS"]
[SourceTitle "EXT 2013"]
[Source "ChessBase"]
[SourceDate "2012.11.22"]
[SourceVersion "1"]
[SourceVersionDate "2012.11.22"]
[SourceQuality "1"]

1. e4 e5 2. Nf3 Nc6 3. d4 exd4 4. Nxd4 Nf6 5. Nxc6 bxc6 6. e5 Nd5 7. c4 Nb6 8. Bd3 Bb4+ 9. Nd2 Ba6 10. Qg4 Qe7 11. 0-0 0-0-0 12. Nf3 h5 13. Qe4 Bb7 14. Bg5 f6 15. exf6 gxf6 16. Qxe7 Bxe7 17. Bh4 c5 18. Rfe1 Rhe8 19. Re3 Bd6 20. Rae1 Rg8 21. Bh7 Rgf8 22. b3 Bf4 23. Re7 d5 24. Bf5+ Kb8 25. cxd5 Bxd5 26. Bg6 c4 27. bxc4 Nxc4 28. Bxh5 Nd6 29. Bg3 Bxg3 30. fxg3 Bxa2 31. Nd4 Kb7 32. Bf3+ Kb6 1/2-1/2

[Event "St Petersburg Autumn op"]
[Site "St Petersburg"]
[Date "2011.10.29"]
[Round "2"]
[White "Sheynin, Izrail"]
[Black "Laschevsky, Vasily"]
[Result "1-0"]
[WhiteElo "2098"]
[BlackElo "1847"]
[PlyCount "73"]
[EventDate "2011.10.28"]
[EventType "swiss"]
[EventRounds "9"]
[EventCountry "RUS"]
[SourceTitle "EXT 2013"]
[Source "ChessBase"]
[SourceDate "2012.11.22"]
[SourceVersion "1"]
[SourceVersionDate "2012.11.22"]
[SourceQuality "1"]

1. e4 d6 2. d4 Nf6 3. Nc3 g6 4. f4 Bg7 5. Nf3 0-0 6. Bd3 c5 7. dxc5 dxc5 8. Qe2 Nc6 9. e5 Nd5 10. Nxd5 Qxd5 11. Be4 Qd7 12. Be3 b6 13. 0-0 Rb8 14. c3 Qc7 15. Ng5 Bb7 16. h4 Nd8 17. Bc2 f6 18. Nxh7 Kxh7 19. Qh5+ Kg8 20. Bxg6 Rf7 21. e6 Qc6 22. exf7+ Kf8 23. Rf2 Qe6 24. Re1 Qxa2 25. b4 Qc4 26. bxc5 Bd5 27. cxb6 axb6 28. Qe2 Qc7 29. f5 Rb7 30. Qd2 Bxf7 31. h5 Nc6 32. Bxf7 Kxf7 33. Qd5+ Kf8 34. h6 Bh8 35. h7 e6 36. Bh6+ Kf7 37. Qxe6# 1-0

[Event "St Petersburg Spring op"]
[Site "St Petersburg"]
[Date "2011.03.28"]
[Round "6"]
[White "Sheynin, Izrail"]
[Black "Vakhania, David"]
[Result "1-0"]
[WhiteElo "2115"]
[BlackElo "1808"]
[PlyCount "105"]
[EventDate "2011.03.23"]
[EventType "swiss"]
[EventRounds "9"]
[EventCountry "RUS"]
[SourceTitle "CBM 141 Extra"]
[Source "ChessBase"]
[SourceDate "2011.05.03"]
[SourceVersion "1"]
[SourceVersionDate "2011.05.03"]
[SourceQuality "1"]

1. e4 c6 2. d4 d5 3. f3 g6 4. Nc3 dxe4 5. fxe4 Bg7 6. Nf3 Bg4 7. Be3 e6 8. Qd2 Bxf3 9. gxf3 a5 10. 0-0-0 b5 11. d5 b4 12. Na4 exd5 13. exd5 Ne7 14. dxc6 Qxd2+ 15. Rxd2 Nbxc6 16. Bh3 0-0 17. Nb6 Ra6 18. Nd7 Rd8 19. Rhd1 b3 20. axb3 a4 21. bxa4 Rxa4 22. c3 Ra2 23. Bg5 Rda8 24. Nb6 R8a6 25. Nd5 Nxd5 26. Rxd5 h6 27. Bd2 Rb6 28. b4 Ne5 29. Bf1 Nxf3 30. Bc4 Ra3 31. Rd8+ Kh7 32. Bxf7 g5 33. Kb2 Ra7 34. Bd5 Nxd2 35. Rxd2 Rxb4+ 36. Kc2 Rf4 37. Re2 Raa4 38. Kb3 h5 39. Rd7 Ra6 40. Ree7 Rb6+ 41. Kc2 Rg6 42. Be4 Rxe4 43. Rxe4 g4 44. Rd3 h4 45. c4 Kg8 46. Rd8+ Kh7 47. c5 Ra6 48. Rxg4 Ra2+ 49. Kb3 Rb2+ 50. Kc4 Rb7 51. c6 Rc7 52. Kb5 Rf7 53. Rd7 1-0

[Event "St Petersburg Spring op"]
[Site "St Petersburg"]
[Date "2011.03.27"]
[Round "5"]
[White "Schekachikhin, Maksim"]
[Black "Sheynin, Izrail"]
[Result "1-0"]
[WhiteElo "1922"]
[BlackElo "2115"]
[PlyCount "69"]
[EventDate "2011.03.23"]
[EventType "swiss"]
[EventRounds "9"]
[EventCountry "RUS"]
[SourceTitle "CBM 141 Extra"]
[Source "ChessBase"]
[SourceDate "2011.05.03"]
[SourceVersion "1"]
[SourceVersionDate "2011.05.03"]
[SourceQuality "1"]

1. Nf3 Nf6 2. g3 g6 3. Bg2 Bg7 4. 0-0 0-0 5. c4 d6 6. d4 Nbd7 7. Nc3 c5 8. d5 a6 9. Qc2 Rb8 10. a4 Nb6 11. Nd2 e5 12. a5 Na8 13. Nde4 Nxe4 14. Nxe4 Nc7 15. b4 f5 16. Nd2 cxb4 17. Qb3 f4 18. Qxb4 fxg3 19. hxg3 Bg4 20. e3 Ne8 21. Ba3 b6 22. axb6 Rxb6 23. Qa5 Nf6 24. c5 dxc5 25. Bxc5 Rb5 26. Qxd8 Rxd8 27. Be7 Rdb8 28. Bxf6 Bxf6 29. Rxa6 R5b6 30. Rxb6 Rxb6 31. Rc1 Bd8 32. Nc4 Rb8 33. Nxe5 Rc8 34. Rxc8 Bxc8 35. d6 1-0

[Event "St Petersburg Spring op"]
[Site "St Petersburg"]
[Date "2011.03.26"]
[Round "4"]
[White "Sheynin, Izrail"]
[Black "Pershin, Denis"]
[Result "0-1"]
[WhiteElo "2115"]
[BlackElo "1975"]
[PlyCount "88"]
[EventDate "2011.03.23"]
[EventType "swiss"]
[EventRounds "9"]
[EventCountry "RUS"]
[SourceTitle "CBM 141 Extra"]
[Source "ChessBase"]
[SourceDate "2011.05.03"]
[SourceVersion "1"]
[SourceVersionDate "2011.05.03"]
[SourceQuality "1"]

1. e4 c6 2. d4 d5 3. e5 Bf5 4. Nc3 h5 5. Be2 h4 6. Nf3 h3 7. g3 e6 8. 0-0 Bg4 9. Qd3 Be7 10. Nd1 c5 11. dxc5 Nd7 12. Qb5 Bxc5 13. Qxb7 Rb8 14. Qa6 Bxf3 15. Bxf3 Nxe5 16. Bh1 Qf6 17. Bf4 Ne7 18. Qa4+ Kf8 19. Qa5 Rc8 20. Qa6 Nc4 21. c3 g5 22. Be3 Bxe3 23. Nxe3 Rc6 24. Qxa7 Nd2 25. Rfe1 Nf3+ 26. Bxf3 Qxf3 27. Qd4 Ng6 28. Qg4 Ne5 29. Qxg5 Qg2+ 30. Nxg2 Nf3+ 31. Kf1 hxg2+ 32. Kxg2 Nxg5 33. h4 Ne4 34. a4 Kg7 35. a5 Ra8 36. Ra3 Nd6 37. b4 Nb5 38. Rb3 Rxc3 39. Rxc3 Nxc3 40. Re3 d4 41. Rd3 e5 42. f4 f6 43. g4 Rd8 44. g5 e4 0-1

[Event "St Petersburg Spring op"]
[Site "St Petersburg"]
[Date "2011.03.24"]
[Round "2"]
[White "Sheynin, Izrail"]
[Black "Tarasov, Ilya"]
[Result "1/2-1/2"]
[WhiteElo "2115"]
[BlackElo "1960"]
[PlyCount "88"]
[EventDate "2011.03.23"]
[EventType "swiss"]
[EventRounds "9"]
[EventCountry "RUS"]
[SourceTitle "CBM 141 Extra"]
[Source "ChessBase"]
[SourceDate "2011.05.03"]
[SourceVersion "1"]
[SourceVersionDate "2011.05.03"]
[SourceQuality "1"]

1. e4 d6 2. d4 Nf6 3. Nc3 g6 4. f4 Bg7 5. Nf3 c5 6. dxc5 Qa5 7. Bd3 Qxc5 8. Qe2 a6 9. Be3 Qc7 10. 0-0 0-0 11. Kh1 Nc6 12. f5 b5 13. Bg5 e6 14. Qf2 b4 15. Ne2 d5 16. exd5 Nxd5 17. fxg6 hxg6 18. c4 bxc3 19. Nxc3 Nxc3 20. bxc3 Bb7 21. Qh4 Ne5 22. Be4 Bxe4 23. Qxe4 Qxc3 24. Rae1 Nxf3 25. Rxf3 Qd4 26. Qe2 Qb2 27. Qf1 Qb5 28. Be7 Qxf1+ 29. Rexf1 Rfe8 30. Bf6 Bxf6 31. Rxf6 Ra7 32. R1f3 Kg7 33. R6f4 e5 34. Ra4 e4 35. Re3 f5 36. g3 Kf6 37. h4 Re6 38. Kg2 Rd7 39. Kf2 Red6 40. Raa3 Rd2+ 41. Re2 Rxe2+ 42. Kxe2 Rd6 43. Ke3 g5 44. h5 Kf7 1/2-1/2